| 000 | 00673nam a22002057a 4500 | ||
|---|---|---|---|
| 999 |
_c15344 _d15344 |
||
| 003 | AR-CdUCM | ||
| 008 | 190329b ||||| |||| 00| 0 spa d | ||
| 020 | _a978-612-4039-64-5 | ||
| 040 |
_aMUNICIPALIDAD PROVINCIAL DEL CUSCO _cBIBLIOTECA MUNICIPAL DEL CUSCO |
||
| 082 |
_aPI / 803 / _bME39 |
||
| 100 |
_aMejía, José Luis _926887 |
||
| 245 | _aJosefa y el movimiento / | ||
| 260 |
_aPerú : _bSantillana, _bCuenta cosas alfaguara, _c2010. |
||
| 300 |
_a35 páginas ; _bIlustraciones. _c22.5 cm |
||
| 650 |
_aLiteratura infantil _9588 |
||
| 650 |
_aSiglo XXI _92856 |
||
| 700 |
_aCastro, Ximena (ilustraciones) _926937 |
||
| 942 |
_2ddc _cLIBROS |
||
| 945 |
_arum _d2019-04-26 |
||